000 00340nam a2200157Ia 4500
100 _aIbrahim/Dogan
650 _aMicrocontroller
942 _cRB
366 _f20
654 _amicrocontroller
245 _aMicrocontroller based applied Digital control
260 _bWiley
_c2006
300 _a311
546 _aENGLISH
999 _c27590
_d27590